000 00425cam a22001457a 4500
008 180718b1990 xxu||||| |||| 00| 0 eng d
082 _aB19 L149
245 _aSocial action and social change
_cedited by C. Lakshmanna, S.P. Srivastava and R.C. Sarikwal
260 _aDelhi
_bAjanta
_c1990
300 _a216p.
650 _aSocial change.
700 _aSrikwal, R.C.
700 _aSrivastave, S.P.
700 _aLakshmanna, C.
999 _c347202
_d347202